[Event "NOR-ch Class2"]
[Site "Oslo"]
[Date "2015.07.04"]
[Round "2"]
[White "Roneid, Heidi"]
[Black "Kristoffersen, Arne Skodvin"]
[Result "1/2-1/2"]
[WhiteElo "1515"]
[BlackElo "1644"]
[PlyCount "98"]
[EventDate "2015.07.04"]
[EventType "swiss"]
[EventRounds "9"]
[EventCountry "NOR"]
[SourceTitle "EXT 2017"]
[Source "ChessBase"]
[SourceDate "2016.10.25"]
[SourceVersion "1"]
[SourceVersionDate "2016.10.25"]
[SourceQuality "1"]

1. e4 e5 2. Nf3 Nc6 3. Bb5 a6 4. Ba4 Nf6 5. 0-0 Bc5 6. d3 b5 7. Bb3 d6 8. c3 0-0 9. Bg5 h6 10. Be3 Bxe3 11. fxe3 Na5 12. Bc2 c5 13. Nbd2 Nc6 14. Qe1 Ne7 15. Nh4 Nh7 16. Qg3 Kh8 17. Rf2 g5 18. Nf5 Nxf5 19. exf5 f6 20. Qf3 Ra7 21. Qh5 Rff7 22. Qxh6 Kg8 23. e4 Nf8 24. Qh5 Rh7 25. Qf3 Rh4 26. Qe3 Rah7 27. Nf3 R4h5 28. g4 Rh3 29. Rd1 Qc7 30. Qd2 Bb7 31. d4 d5 32. Re1 dxe4 33. Bxe4 exd4 34. cxd4 cxd4 35. Qxd4 Bxe4 36. Qxe4 Qc5 37. Qd4 Qc6 38. Qe4 Qc5 39. Qd4 Qc6 40. Qe4 Qc5 41. Qe3 Qc4 42. Qb3 Rc7 43. Kg2 Rhh7 44. Qxc4+ Rxc4 45. Kg3 Rd7 46. h4 gxh4+ 47. Nxh4 Rdd4 48. Ng2 Rxg4+ 49. Kh2 Rge4 1/2-1/2

[Event "Oslo Sveins op 8th"]
[Site "Oslo"]
[Date "2015.06.23"]
[Round "9"]
[White "Kran, Ole Christian Bakke"]
[Black "Roneid, Heidi"]
[Result "1/2-1/2"]
[WhiteElo "1522"]
[BlackElo "1692"]
[PlyCount "69"]
[EventDate "2015.06.19"]
[EventType "swiss"]
[EventRounds "9"]
[EventCountry "NOR"]
[SourceTitle "CBM 167 Extra"]
[Source "ChessBase"]
[SourceDate "2015.09.14"]
[SourceVersion "1"]
[SourceVersionDate "2015.09.14"]
[SourceQuality "1"]

1. e4 c5 2. Nc3 e6 3. f4 Nc6 4. Nf3 Qc7 5. d3 Be7 6. Be2 d6 7. 0-0 Nf6 8. Qe1 0-0 9. Qg3 d5 10. Ne5 a6 11. Ng4 Nxg4 12. Bxg4 d4 13. Ne2 b5 14. Bf3 Bb7 15. Qg4 Nb4 16. Ng3 f5 17. exf5 exf5 18. Nxf5 Bf6 19. Re1 Bxf3 20. gxf3 Rae8 21. Bd2 Nxc2 22. Rxe8 Rxe8 23. Rf1 Ne3 24. Bxe3 dxe3 25. Re1 Bxb2 26. Rxe3 Rxe3 27. Nxe3 Qc6 28. Nf5 Qf6 29. Ng3 Bd4+ 30. Kg2 Qc6 31. Nf5 Kf8 32. Nxd4 cxd4 33. Qf5+ Qf6 34. Qc8+ Kf7 35. Qd7+ 1/2-1/2

[Event "Oslo Sveins op 8th"]
[Site "Oslo"]
[Date "2015.06.22"]
[Round "6"]
[White "Hansen, Lars Henrik Bech"]
[Black "Roneid, Heidi"]
[Result "1-0"]
[WhiteElo "1993"]
[BlackElo "1692"]
[PlyCount "95"]
[EventDate "2015.06.19"]
[EventType "swiss"]
[EventRounds "9"]
[EventCountry "NOR"]
[SourceTitle "CBM 167 Extra"]
[Source "ChessBase"]
[SourceDate "2015.09.14"]
[SourceVersion "1"]
[SourceVersionDate "2015.09.14"]
[SourceQuality "1"]

1. e4 c5 2. Nf3 e6 3. d4 cxd4 4. Nxd4 Nc6 5. Nc3 Qc7 6. Be2 a6 7. 0-0 Nf6 8. a3 Be7 9. Kh1 0-0 10. f4 d6 11. Bf3 Nxd4 12. Qxd4 Rd8 13. Qf2 d5 14. Be3 Qc6 15. exd5 exd5 16. Bd4 Be6 17. Rfe1 Re8 18. g3 Rad8 19. Rad1 Bg4 20. Bxg4 Nxg4 21. Qf3 Nf6 22. g4 Bc5 23. Rxe8+ Rxe8 24. Bxc5 Qxc5 25. g5 Nd7 26. Qxd5 Qxd5+ 27. Rxd5 Nb6 28. Rd4 Kf8 29. Kg2 Rc8 30. Kf3 Nc4 31. Nd1 Ke7 32. a4 Nd6 33. Ne3 g6 34. c4 Ke6 35. b4 b6 36. Ke2 Nf5 37. Re4+ Kd6 38. Nxf5+ gxf5 39. Rd4+ Ke6 40. Kd3 f6 41. gxf6 h5 42. Rd5 h4 43. f7 Rf8 44. Re5+ Kf6 45. c5 bxc5 46. Rxc5 Rd8+ 47. Kc4 Rd2 48. f8Q+ 1-0

[Event "Oslo Sveins op 8th"]
[Site "Oslo"]
[Date "2015.06.21"]
[Round "5"]
[White "Omtvedt, Per"]
[Black "Roneid, Heidi"]
[Result "0-1"]
[WhiteElo "1905"]
[BlackElo "1692"]
[PlyCount "82"]
[EventDate "2015.06.19"]
[EventType "swiss"]
[EventRounds "9"]
[EventCountry "NOR"]
[SourceTitle "CBM 167 Extra"]
[Source "ChessBase"]
[SourceDate "2015.09.14"]
[SourceVersion "1"]
[SourceVersionDate "2015.09.14"]
[SourceQuality "1"]

1. e4 e5 2. Nf3 Nc6 3. Bb5 a6 4. Ba4 b5 5. Bb3 Nf6 6. 0-0 Bb7 7. Qe2 Bc5 8. d3 d6 9. c3 0-0 10. Be3 Bxe3 11. fxe3 Re8 12. Nbd2 h6 13. Nh4 Na5 14. Nf5 Nxb3 15. axb3 Kh7 16. Qf3 Re6 17. c4 b4 18. g4 Nxg4 19. Kh1 Rg6 20. Rg1 Nf6 21. Rg3 Rxg3 22. Nxg3 Qf8 23. Rf1 Re8 24. Nf5 Re6 25. Rg1 Ne8 26. Nf1 Rf6 27. Qe2 Rxf5 28. Ng3 Rf6 29. Qe1 a5 30. Qa1 c5 31. Qxa5 Qe7 32. Qb5 Rf2 33. Rg2 Rxg2 34. Kxg2 Bc8 35. Qc6 Bd7 36. Qd5 Nf6 37. Qa8 Ng4 38. Nf5 Qg5 39. Kf3 Nxh2+ 40. Kf2 Bxf5 41. exf5 Ng4+ 0-1

[Event "Oslo Sveins op 8th"]
[Site "Oslo"]
[Date "2015.06.19"]
[Round "1"]
[White "Gabrielsen, Stig"]
[Black "Roneid, Heidi"]
[Result "1/2-1/2"]
[WhiteElo "2337"]
[BlackElo "1692"]
[PlyCount "102"]
[EventDate "2015.06.19"]
[EventType "swiss"]
[EventRounds "9"]
[EventCountry "NOR"]
[SourceTitle "CBM 167 Extra"]
[Source "ChessBase"]
[SourceDate "2015.09.14"]
[SourceVersion "1"]
[SourceVersionDate "2015.09.14"]
[SourceQuality "1"]

1. e4 c5 2. Nf3 e6 3. d4 cxd4 4. Nxd4 Nc6 5. Nc3 a6 6. Be3 Qc7 7. Qd2 Nf6 8. f3 Be7 9. 0-0-0 0-0 10. g4 b5 11. g5 Ne8 12. Nxc6 Qxc6 13. Ne2 Nd6 14. Nd4 Qc7 15. Bf4 Qb6 16. h4 Bb7 17. h5 Nc4 18. Bxc4 bxc4 19. Be3 Bc5 20. c3 Rab8 21. Rdg1 Ba8 22. Rh2 g6 23. Rgh1 e5 24. hxg6 fxg6 25. Rxh7 exd4 26. cxd4 Ba3 27. R7h2 c3 28. Qxc3 Bxb2+ 29. Qxb2 Qxb2+ 30. Rxb2 Rxb2 31. Kxb2 Rxf3 32. Re1 Bxe4 33. Kc3 Bd5 34. a3 Bc6 35. Kc4 Rf5 36. Bd2 Kf7 37. Kb4 Rd5 38. Rf1+ Rf5 39. Rxf5+ gxf5 40. Kc5 Be4 41. Kd6 Bc6 42. d5 Ba4 43. Bf4 Bb5 44. Kc5 Bd3 45. a4 Bc2 46. Kb4 Be4 47. Ka5 Bd3 48. Kb6 Bc2 49. a5 Bd3 50. Kc7 Bb5 51. Kd6 Kg6 1/2-1/2

[Event "Copenhagen Challenge"]
[Site "Ballerup"]
[Date "2014.05.16"]
[Round "4"]
[White "Bjerre, Jonas Buhl"]
[Black "Roneid, Heidi"]
[Result "1-0"]
[WhiteElo "1961"]
[BlackElo "1656"]
[PlyCount "99"]
[EventDate "2014.05.14"]
[EventType "swiss"]
[EventRounds "9"]
[EventCountry "DEN"]
[SourceTitle "CBM 160 Extra"]
[Source "ChessBase"]
[SourceDate "2014.07.01"]
[SourceVersion "1"]
[SourceVersionDate "2014.07.01"]
[SourceQuality "1"]

1. e4 e5 2. Bc4 Nf6 3. d3 Bc5 4. Nf3 Nc6 5. c3 d5 6. exd5 Nxd5 7. Qb3 Nf4 8. Bxf7+ Kf8 9. Bxf4 exf4 10. 0-0 Qd7 11. Ng5 Na5 12. Qd1 Be7 13. Be6 Qd6 14. Qg4 Bxg5 15. Bxc8 Nc6 16. Bxb7 Rd8 17. Qxg5 Ne7 18. Be4 h6 19. Qg4 h5 20. Qg5 h4 21. h3 g6 22. Nd2 Rh5 23. Qg4 Kg7 24. Rfe1 Qf6 25. Qe2 Re5 26. Nf3 Re6 27. Qc2 Re8 28. Qd2 g5 29. Nh2 Ng6 30. Ng4 Qf7 31. Bxg6 Qxg6 32. Rxe6 Qxe6 33. Kf1 Rd8 34. Re1 Qf5 35. Qe2 Qxd3 36. Qxd3 Rxd3 37. Ke2 Rd7 38. Rd1 Re7+ 39. Kf1 Kg6 40. Rd5 Re6 41. Rd7 Ra6 42. Rxc7 Rxa2 43. Rb7 Kf5 44. Rb5+ Ke4 45. Ke2 f3+ 46. gxf3+ Kf4 47. Nh6 Rxb2+ 48. Rxb2 g4 49. Rb5 gxf3+ 50. Kd3 1-0

[Event "Copenhagen Challenge"]
[Site "Ballerup"]
[Date "2014.05.16"]
[Round "5"]
[White "Roneid, Heidi"]
[Black "Tangelder, Yonne"]
[Result "1/2-1/2"]
[WhiteElo "1656"]
[BlackElo "1800"]
[PlyCount "37"]
[EventDate "2014.05.14"]
[EventType "swiss"]
[EventRounds "9"]
[EventCountry "DEN"]
[SourceTitle "CBM 160 Extra"]
[Source "ChessBase"]
[SourceDate "2014.07.01"]
[SourceVersion "1"]
[SourceVersionDate "2014.07.01"]
[SourceQuality "1"]

1. e4 e5 2. Nf3 Nc6 3. Bb5 f5 4. d4 fxe4 5. Nxe5 Nxe5 6. dxe5 c6 7. Nc3 cxb5 8. Nxe4 d5 9. exd6 Qh4 10. Qd5 Nf6 11. Nxf6+ Qxf6 12. 0-0 Qe6 13. Qxb5+ Kf7 14. Bf4 Qf5 15. Qc4+ Qe6 16. Qc7+ Qd7 17. Qc4+ Qe6 18. Qc7+ Qd7 19. Qc4+ 1/2-1/2

[Event "Krakow op-B 23rd"]
[Site "Krakow"]
[Date "2013.01.04"]
[Round "9"]
[White "Domanski, Lukasz"]
[Black "Roneid, Heidi"]
[Result "1-0"]
[WhiteElo "1562"]
[BlackElo "1674"]
[PlyCount "57"]
[EventDate "2012.12.27"]
[EventType "swiss"]
[EventRounds "9"]
[EventCountry "POL"]
[SourceTitle "CBM 152 Extra"]
[Source "ChessBase"]
[SourceDate "2013.02.25"]
[SourceVersion "1"]
[SourceVersionDate "2013.02.25"]
[SourceQuality "1"]

1. e4 c5 2. Nf3 d6 3. d4 cxd4 4. Nxd4 Nf6 5. Nc3 g6 6. f4 e5 7. Nf3 Nc6 8. Bd3 a6 9. 0-0 Bg7 10. Qe1 0-0 11. Qh4 Ng4 12. Qg3 Nb4 13. h3 Qb6+ 14. Kh1 Nf6 15. Qh4 Nh5 16. fxe5 dxe5 17. Ng5 h6 18. Nf3 Bf6 19. Qe1 Kh7 20. Be3 Qc6 21. Nh2 Bg7 22. g4 Nf6 23. Qh4 Kg8 24. Bxh6 Bxh6 25. Qxh6 Nh7 26. g5 Be6 27. Ng4 Qd7 28. Nf6+ Nxf6 29. gxf6 1-0

[Event "Krakow op-B 23rd"]
[Site "Krakow"]
[Date "2013.01.03"]
[Round "8"]
[White "Roneid, Heidi"]
[Black "Kucharska, Honorata"]
[Result "0-1"]
[WhiteElo "1674"]
[BlackElo "1558"]
[PlyCount "42"]
[EventDate "2012.12.27"]
[EventType "swiss"]
[EventRounds "9"]
[EventCountry "POL"]
[SourceTitle "CBM 152 Extra"]
[Source "ChessBase"]
[SourceDate "2013.02.25"]
[SourceVersion "1"]
[SourceVersionDate "2013.02.25"]
[SourceQuality "1"]

1. e4 e6 2. d4 d5 3. Nd2 c5 4. exd5 exd5 5. Ne2 Nc6 6. Nf3 Nf6 7. Ng3 Bg4 8. Be3 cxd4 9. Bg5 Bb4+ 10. Bd2 Bxd2+ 11. Qxd2 Ne4 12. Nxe4 dxe4 13. Ng1 0-0 14. h3 Be6 15. 0-0-0 Qd5 16. b3 a5 17. Ne2 Qc5 18. Nxd4 Rfd8 19. Kb2 Qxd4+ 20. Qxd4 Rxd4 21. Bb5 Rad8 0-1

[Event "Krakow op-B 23rd"]
[Site "Krakow"]
[Date "2012.12.30"]
[Round "5"]
[White "Dadello, Aleksandra"]
[Black "Roneid, Heidi"]
[Result "1-0"]
[WhiteElo "1883"]
[BlackElo "1674"]
[PlyCount "59"]
[EventDate "2012.12.27"]
[EventType "swiss"]
[EventRounds "9"]
[EventCountry "POL"]
[SourceTitle "CBM 152 Extra"]
[Source "ChessBase"]
[SourceDate "2013.02.25"]
[SourceVersion "1"]
[SourceVersionDate "2013.02.25"]
[SourceQuality "1"]

1. e4 c5 2. Nf3 d6 3. d4 cxd4 4. Nxd4 Nf6 5. Nc3 g6 6. Be3 Bg7 7. f3 0-0 8. Qd2 Nc6 9. Bc4 Bd7 10. h4 Rc8 11. Bb3 Nxd4 12. Bxd4 b5 13. h5 a5 14. Nd5 a4 15. Nxf6+ exf6 16. Bd5 Bc6 17. hxg6 hxg6 18. 0-0-0 Bxd5 19. exd5 Qc7 20. Rh3 b4 21. b3 axb3 22. axb3 Qa5 23. Rdh1 Qxd5 24. Rh8+ Bxh8 25. Rxh8+ Kxh8 26. Bxf6+ Kg8 27. Qxd5 Rfe8 28. Qg5 Re2 29. Qh6 Rcxc2+ 30. Kb1 1-0

[Event "Dublin Easter e2e4 op"]
[Site "Dublin"]
[Date "2012.04.09"]
[Round "9"]
[White "Kalaiyalahan, Akshaya"]
[Black "Roneid, Heidi"]
[Result "1-0"]
[WhiteElo "1640"]
[BlackElo "1689"]
[PlyCount "51"]
[EventDate "2012.04.05"]
[EventType "swiss"]
[EventRounds "9"]
[EventCountry "IRL"]
[SourceTitle "CBM 147 Extra"]
[Source "ChessBase"]
[SourceDate "2012.04.24"]
[SourceVersion "1"]
[SourceVersionDate "2012.04.24"]
[SourceQuality "1"]

1. c4 e5 2. Nc3 Nc6 3. g3 Nf6 4. Bg2 Be7 5. e4 0-0 6. Nge2 d6 7. 0-0 Bg4 8. h3 Be6 9. d3 Qd7 10. Kh2 Rad8 11. f4 exf4 12. Nxf4 Ne5 13. Nxe6 Qxe6 14. Be3 a6 15. Qe2 h6 16. d4 Nxc4 17. d5 Nxe3 18. dxe6 Nxf1+ 19. Rxf1 fxe6 20. Qc4 d5 21. exd5 b5 22. Qxc7 Bd6 23. Qb6 b4 24. Ne2 Nxd5 25. Rxf8+ Bxf8 26. Qxd8 1-0

[Event "Dublin Easter e2e4 op"]
[Site "Dublin"]
[Date "2012.04.09"]
[Round "8"]
[White "Roneid, Heidi"]
[Black "Buckley, Colm"]
[Result "0-1"]
[WhiteElo "1689"]
[BlackElo "1731"]
[PlyCount "98"]
[EventDate "2012.04.05"]
[EventType "swiss"]
[EventRounds "9"]
[EventCountry "IRL"]
[SourceTitle "CBM 147 Extra"]
[Source "ChessBase"]
[SourceDate "2012.04.24"]
[SourceVersion "1"]
[SourceVersionDate "2012.04.24"]
[SourceQuality "1"]

1. e4 e6 2. d4 d5 3. e5 c5 4. c3 Nc6 5. Nf3 Bd7 6. Be2 Qb6 7. 0-0 cxd4 8. cxd4 Nge7 9. Na3 Nf5 10. Nc2 Be7 11. a3 Rc8 12. b4 0-0 13. Bb2 a6 14. Ne3 Nxe3 15. fxe3 Na7 16. Bd3 Bb5 17. Qe2 Rc7 18. Rac1 Rfc8 19. Rxc7 Rxc7 20. e4 Bxd3 21. Qxd3 dxe4 22. Qxe4 a5 23. Bc1 axb4 24. axb4 Qxb4 25. Be3 Nc6 26. Qg4 Rd7 27. Qe4 Qc4 28. Rc1 Qd5 29. Qd3 g6 30. Rd1 b5 31. Rb1 b4 32. Nd2 Nxe5 33. Qa6 Ng4 34. Qd3 Nxe3 35. Qxe3 Qxd4 36. Qxd4 Rxd4 37. Nf3 Rd5 38. Kf2 h5 39. Ke3 Bc5+ 40. Ke2 Kf8 41. Ne1 Rd7 42. Nd3 Bd6 43. h3 Rb7 44. Ke3 Ke7 45. Kd4 f6 46. Kc4 f5 47. Nc1 Rc7+ 48. Kb3 Kf6 49. Nd3 Rc3+ 0-1

[Event "Oslo op ELO"]
[Site "Oslo"]
[Date "2011.10.02"]
[Round "3"]
[White "Beddari, Steinar"]
[Black "Roneid, Heidi"]
[Result "1-0"]
[WhiteElo "2400"]
[BlackElo "2400"]
[PlyCount "93"]
[EventDate "2011.10.02"]
[EventType "swiss"]
[EventRounds "9"]
[EventCountry "NOR"]
[SourceTitle "EXT 2023"]
[Source "ChessBase"]
[SourceDate "2022.10.05"]
[SourceVersion "1"]
[SourceVersionDate "2022.10.05"]
[SourceQuality "1"]

1. e4 e5 2. Nf3 Nc6 3. d4 exd4 4. Nxd4 Qf6 5. Be3 Bc5 6. c3 Nh6 7. g3 0-0 8. Bg2 d6 9. 0-0 Ne5 10. h3 Nc4 11. Bc1 Bb6 12. Nd2 Nxd2 13. Bxd2 c5 14. Nc2 Qe6 15. Bf4 f5 16. e5 Nf7 17. exd6 Qd7 18. Re1 Bd8 19. Qd5 Rb8 20. Re7 Bxe7 21. dxe7 Qxe7 22. Re1 Qd7 23. Bxb8 b6 24. Qxd7 Bxd7 25. Bxa7 Rc8 26. Re7 Bb5 27. Bd5 Rf8 28. Rxf7 Rxf7 29. Bxb6 Bd3 30. Ne3 c4 31. Nxc4 Bxc4 32. Bxc4 Kf8 33. Bxf7 Kxf7 34. a4 Ke6 35. a5 Kd7 36. a6 Kc8 37. a7 Kb7 38. c4 g6 39. c5 h5 40. f4 Ka8 41. c6 h4 42. gxh4 g5 43. h5 g4 44. hxg4 fxg4 45. h6 g3 46. h7 g2 47. h8Q# 1-0

[Event "Stjernen Autumn"]
[Site "Oslo"]
[Date "2010.11.02"]
[Round "7"]
[White "Roneid, Heidi"]
[Black "Eriksen, Jan Hugo"]
[Result "1-0"]
[WhiteElo "1074"]
[BlackElo "1307"]
[PlyCount "73"]
[EventDate "2010.09.07"]
[EventType "swiss"]
[EventRounds "9"]
[EventCountry "NOR"]
[SourceTitle "EXT 2024"]
[Source "ChessBase"]
[SourceDate "2023.10.10"]
[SourceVersion "1"]
[SourceVersionDate "2023.10.10"]
[SourceQuality "1"]

1. e4 c6 2. Nc3 d5 3. d4 dxe4 4. Nxe4 Nf6 5. f3 Bf5 6. Ng3 Bg6 7. Be3 e6 8. Bd3 Nbd7 9. N1e2 Nd5 10. Qd2 Bb4 11. c3 Ba5 12. Ne4 N7f6 13. 0-0 Nxe3 14. Qxe3 Nd5 15. Qd2 0-0 16. b4 Bc7 17. c4 Nf6 18. Qe3 Qe7 19. a3 Rfd8 20. Rad1 e5 21. Kh1 exd4 22. Nxd4 Nxe4 23. Bxe4 f5 24. Bd5+ Kf8 25. Ne6+ Ke8 26. Nxc7+ Kf8 27. Qxe7+ Kxe7 28. Nxa8 Rxa8 29. Rfe1+ Kf6 30. Re6+ Kg5 31. f4+ Kxf4 32. Rd4+ Kg5 33. h4+ Kh6 34. Bf3 Re8 35. Rxe8 Bxe8 36. Rd8 Bf7 37. c5 1-0

[Event "Stjernen Autumn"]
[Site "Oslo"]
[Date "2010.09.07"]
[Round "1"]
[White "Svanholm, Borge Waaktaar"]
[Black "Roneid, Heidi"]
[Result "1-0"]
[WhiteElo "1817"]
[BlackElo "1074"]
[PlyCount "71"]
[EventDate "2010.09.07"]
[EventType "swiss"]
[EventRounds "9"]
[EventCountry "NOR"]
[SourceTitle "EXT 2024"]
[Source "ChessBase"]
[SourceDate "2023.10.10"]
[SourceVersion "1"]
[SourceVersionDate "2023.10.10"]
[SourceQuality "1"]

1. c4 e5 2. Nc3 Nc6 3. Nf3 Bb4 4. e3 a6 5. d4 exd4 6. exd4 Ba5 7. Be2 d6 8. 0-0 Nge7 9. Bf4 0-0 10. d5 Ng6 11. Bg3 Nce5 12. Nd4 b5 13. cxb5 Bb6 14. Kh1 Nh4 15. f4 Neg6 16. bxa6 Qf6 17. Nf3 Nxg2 18. Kxg2 Nxf4+ 19. Bxf4 Qxf4 20. Qe1 Re8 21. Qg3 Qb4 22. Rab1 Bg4 23. a3 Bxf3+ 24. Qxf3 Qh4 25. Qxf7+ Kh8 26. Qf4 Qe7 27. Bg4 Rf8 28. Rbe1 Rxf4 29. Rxe7 Rxg4+ 30. Kh3 h5 31. Rf5 g6 32. Rff7 Bd4 33. Rxc7 Re8 34. Rce7 Rxe7 35. Rxe7 Bf6 36. a7 1-0